000 00726nam a2200241Ia 4500
003 OSt
005 20220925204413.0
006 a|||||r|||| 00| 0
007 ta
008 220923b |||||||| |||| 00| 0 eng d
037 _cGeneral Book
040 _aRTL
_cRTL
_beng
041 _2eng
_aeng
082 _aY15:3(L:5).1.N94, N4
111 _aGlobal Commission on Women's Health (Ist) (1994 : Switzerland)
_9268364
245 0 _aWomen's health
_bTowards a better world
260 _aGeneva
_bWHO
_c1994
300 _av, 42p
_ccm.
490 _aWorld Health Organization, Publication
650 _aWoman Sociology
942 _hY15:3(L:5).1.N94, N4
_cGB
_2CC
999 _c549339
_d549339